000 00898na a2200253 4500
001 21983
003 MIRAKIL
005 20181213155053.0
008 170209b tu 000 0
040 _aMilas
_btur
_cTR-AnCHP
041 _atur
082 _a915.63
_bA42k 2010
090 _a915.63 A42k 2010
100 _aAkay, Cevdet
245 _aKaradeniz bölgesi ve Karabük ili
_cCevdet Akay
246 _aSosyo kültürel, sosyo ekonomik ve sosyo politik yapı araştırması
260 _aKarabük
_b[yayl. y.]
_c2010
300 _a1 c. <104 s.>
_btbl. ; grf.; şkl.; hrt.
_c30 sm.
650 _aKaradeniz Bölgesi
_xKarabük
_ySosyo kültürel yapı
650 _aKaradeniz Bölgesi
_xKarabük
_ySosyo politik yapı
650 _aKaradeniz Bölgesi
_xKarabük
_ySosyo ekonomik yapı
740 _aSosyo kültürel, sosyo ekonomik ve sosyo politik yapı araştırması
942 _2ddc
_cBKS
999 _c6008
_d6008